Qui a dit cette phrase culte Marvel ? (MCU) Version standard - Statistiques

Statistiques générales
  • Ce quiz a été pris 108 fois
  • Le résultat moyen est 12 sur 15
Statistiques - réponses
Hint Réponse % Correct
"Un génie , playboy, philanthrope , milliardaire." Ironman
99%
"Je ferais ca toute la journée." Captain America
98%
"Je s'appelle Groot." Groot
98%
"Je suis toujours en colère." Hulk
98%
"Wakanda Forever." Black Panther
96%
"Il a été adopté." Thor
93%
"Sur ta gauche." Falcon
89%
"La dernière fois que j'ai fait confiance a quelqu'un jai perdu un oeil." Nick Fury
86%
“Un grand pouvoir implique de grandes responsabilités.” Tante May
82%
"Je ne sais meme pas qui tu es." Thanos
76%
“Vous enfreignez les règles, vous devenez un héros.Et quand je le fais, je deviens l’ennemie. Je trouve pas ca normal.” Wanda / La sorcière rouge
66%
"Rien ne dure pour toujours." Black widow
49%
"Tu l'avais pas vu venir celle la." Quicksilver
48%
"Pourquoi est Gamora ?" Draxx
46%
"Effort maximum." Deadpool
41%
Aucun quiz correspondant
Distribution des résultats
% des personnes avec chaque résultat
Percentile par nombre de réponses
Votre historique - résultats
Vous n’avez pas pris ce quiz